000 00258nam a2200109Ia 4500
008 220204s9999 xx 000 0 und d
082 _a547.915.5
_bTOP.1
245 0 _aTopics in lipid chemistry
260 _aLondon
_bLogos
_c1970
700 _aF D
942 _cBK
999 _c36064
_d36064